00620cam a22002291 4500001001300000003000400013005001700017008004100034010001700075035002000092040001800112042001200130043001200142050001700154100003000171245006200201260004100263300001800304650002600322650002500348999001700373sa 65010198 DLC20260227112207.0880902s1964 io 000 0 ind  asa 65010198  a(OCoLC)23562308 aDLCcMiUdDLC apremarc aa-io---00aHX402b.A6461 aAidit, D. N.,d1923-1965.10aMarxisme dan pembinaan nasion Indonesia (PKI dan Alri II) aDjakarta,bJajasan Pembaruan,c1964. a56 p.c14 cm. 0aCommunismzIndonesia. 0aSocialismzIndonesia c66614d66614